header

Beginning SharePoint 2010 (Record no. 114817)

MARC details
000 -LEADER
fixed length control field 01278nam a2200325 a 4500
100 1# - MAIN ENTRY--AUTHOR NAME
Personal name Perran, Amanda.
245 10 - TITLE STATEMENT
Title Beginning SharePoint 2010
260 ## - PUBLICATION, DISTRIBUTION, ETC. (IMPRINT)
Place of publication Indianapolis, Ind. :
Name of publisher Wiley Pub., Inc.,
Year of publication 2011.
300 ## - PHYSICAL DESCRIPTION
Number of Pages xxxiv, 758 p. :
Other physical details ill.
490 0# - SERIES STATEMENT
Series statement Wrox programmer to programmer
500 ## - GENERAL NOTE
General note Includes index.
650 #0 - SUBJECT ADDED ENTRY--TOPICAL TERM
Topical Term Intranets (Computer networks)
Topical Term Web servers.
856 40 - ELECTRONIC LOCATION AND ACCESS
Uniform Resource Identifier http://site.ebrary.com/lib/rucke/Doc?id=10469611

No items available.

© 2026 Rongo University
Contact us: librarian | system librarian | Rongo university